[Event "Division I"]
[Site "Chess.com"]
[Date "2024.05.10"]
[Round "1.2"]
[White "Ivic, Velimir"]
[Black "Carlsen, Magnus"]
[Result "0-1"]
[WhiteElo "2651"]
[BlackElo "2899"]
[Annotator "Stockfish 16.1"]
[PlyCount "124"]
[EventDate "2024.??.??"]
[WhiteTeam "SRB"]
[BlackTeam "NOR"]
[WhiteClock "0:00:03"]
[BlackClock "0:00:46"]

{[%evp 9,124,31,48,33,50,48,49,8,11,9,75,51,46,47,56,46,55,0,0,-3,-3,-39,-32,-36,-36,-35,-36,-42,-33,-72,0,-5,27,27,26,23,21,20,20,24,26,27,107,101,110,108,107,104,103,99,104,31,139,143,131,153,147,0,0,0,0,-45,-42,-42,-40,-39,-30,-37,-30,-38,-23,-24,-21,-24,-18,-22,0,-50,-23,-26,-48,-539,-537,-537,-534,-530,-530,-499,-413,-508,-475,-442,-338,-318,-279,-396,-264,-509,-497,-29970,-29977,-29973,-29978,-29974,-29975,-29990,-29959,-29981,-29982,-29992,-29993,-29993,-29994,-29994,-29995,-29995,-29996]} 1. e4 c5 2. Nf3 Nc6 3. Bb5 g6 4. Bxc6 dxc6 5. d3 Qc7 6. a4 ({RR} 6. O-O e5 7. a4 Nf6 8. a5 Nh5 9. Nc3 Be7 10. Be3 O-O 11. Nd2 Rb8 12. Ne2 Nf4 13. Nc4 Be6 14. b3 b5 15. axb6 axb6 16. Qd2 Nxe2+ 17. Qxe2 b5 18. Nd2 Ra8 19. f3 Ra5 20. Qf2 Rfa8 {Giri,A (2764)-Carlsen,M (2862) chess24.com INT 2020 ½-½ (46)}) 6... e5 7. a5 Nf6 8. Nbd2 {White is slightly better.} Be6 $146 ({RR} 8... Bg7 9. O-O O-O 10. Nc4 Nd7 11. h3 Rb8 12. Qe2 b5 13. axb6 axb6 14. Ne3 Re8 15. c4 Nf8 16. Nc2 Ne6 17. Ng5 Nf4 18. Bxf4 exf4 19. Rab1 Ra8 20. Nf3 Ra2 21. Nce1 Be6 22. Qc2 Qa7 23. Qb3 {Yonal,T (1818)-Iskusnyh,S (2473) Chess.com INT 2021 0-1 (34)}) ({RR} 8... Nh5 9. Nc4 f6 10. h4 Be6 11. b3 Be7 12. Bh6 O-O-O 13. Nfd2 Bf7 14. g3 f5 15. Qe2 f4 16. Qg4+ Kb8 17. Nf3 Bf6 18. Ng5 Bxg5 19. Qxg5 fxg3 20. fxg3 Rhe8 21. O-O Bxc4 22. bxc4 Ng7 23. Bxg7 {Fedorchuk,S (2565)-Negrean,A (2336) Bucharest ROU 2025 1-0 (35)}) 9. b3 h6 10. Nc4 Nd7 11. O-O Bg7 12. Kh1 O-O 13. Ng1 b5 14. axb6 axb6 {[%cal Ba7b6,Bb6b5][%mdl 32]} 15. Rxa8 Rxa8 16. Bb2 b5 17. Ne3 c4 18. bxc4 bxc4 19. d4 Ra2 20. d5 Bxd5 21. Qb1 Ra5 22. exd5 cxd5 23. Bc3 Rc5 {next ...d4 is good for Black.} 24. Qa2 d4 25. Bb4 dxe3 26. Bxc5 Qxc5 27. fxe3 Nf6 28. Qa8+ Kh7 29. Qb7 Kg8 30. Nf3 e4 (30... Qxe3 $14 31. Re1 Qc3) 31. Nd4 $16 Qa3 32. Nc6 Qd6 33. Qb8+ (33. h3 $16) 33... Qxb8 $11 34. Nxb8 {[%mdl 4096] Endgame KRN-KBN} Nd5 35. Re1 (35. Rd1 $5 {[%cal Rd1d5]} Nxe3 {[%mdl 64] Double Attack} 36. Re1 Nxc2 37. Rxe4 $15) 35... Bc3 {[%mdl 1024] Black has compensation.} 36. Re2 f5 37. Nc6 Kf7 38. g3 Ke6 39. Kg2 Kd6 (39... Kd7 {is more complex.} 40. Na7 Ba5 41. Nb5 Kc6 42. Nd4+ Kc5) 40. Nd4 $1 Bxd4 41. exd4 {KR-KN} c3 42. Kf2 Nb4 43. Ke3 (43. Re3 $5 {[%cal Re3c3]} Nd5 44. Re1 $11) 43... Kd5 44. Rf2 Kc4 45. g4 $2 {[%mdl 8192]} (45. h4 $1 $15) 45... Nd5+ $19 46. Ke2 f4 {[#] Strongly threatening ...f3+.} 47. Rf1 g5 48. Ra1 Ne3 49. Ra4+ Kd5 50. Ra5+ Kxd4 51. Ra4+ Nc4 52. Ra6 (52. h3 $142 e3 53. Kf3) 52... e3 53. Rxh6 $2 (53. Ra4 Kc5 54. h3) 53... Ne5 {And now ...f3+ would win.} 54. h3 {[#]} (54. Ke1 $19 f3 55. Rh7 Nxg4 56. Rh8) 54... f3+ {Black mates.} 55. Ke1 Nc4 56. Rf6 Nd2 57. Kd1 Ke4 58. Ke1 f2+ 59. Ke2 f1=Q+ 60. Rxf1 Nxf1 61. Kxf1 Kf3 62. Ke1 e2 {Accuracy: White = 63%, Black = 70%.} 0-1

[Event "Division I"]
[Site "Chess.com"]
[Date "2024.05.10"]
[Round "1.1"]
[White "Carlsen, Magnus"]
[Black "Ivic, Velimir"]
[Result "1-0"]
[WhiteElo "2896"]
[BlackElo "2654"]
[Annotator "Stockfish 16.1"]
[PlyCount "101"]
[EventDate "2024.??.??"]
[WhiteTeam "NOR"]
[BlackTeam "SRB"]
[WhiteClock "0:01:06"]

{[%evp 16,101,29,21,17,10,18,20,29,19,28,13,12,0,3,3,92,43,47,47,46,47,48,48,46,41,47,41,47,47,46,47,51,50,51,46,52,53,50,50,57,41,41,41,76,77,69,40,41,41,41,41,41,40,41,24,51,42,46,41,47,47,50,46,62,49,57,46,56,55,137,129,141,141,158,150,235,234,248,278,347,347,346,346,543,548,618,646]} 1. e4 c5 2. Nf3 d6 $146 ({RR} 2... Nc6 3. Nc3 d6 4. d4 cxd4 5. Nxd4 e5 6. Nde2 Nf6 7. g3 Be7 8. Bg2 O-O 9. O-O Bg4 10. h3 Bh5 11. g4 Bg6 12. Ng3 Ne8 13. Nd5 Bh4 14. Be3 Ne7 15. Nc3 Nc7 16. Qd2 b5 17. Rad1 {Aragon Trujillo,R (2447)-Vatansever,B (2363) Seattle 2013 CBM 139 [ChessBase] ½-½ (60)}) 3. d4 cxd4 4. Nxd4 Nf6 5. Nc3 a6 6. Be2 e5 7. Nb3 Be7 8. O-O O-O 9. Re1 Be6 10. Bf3 Nbd7 11. a4 {[%cal Ba2a4,Ba4a5][%mdl 32]} Rc8 {The position is equal.} 12. Nd2 Nb6 13. a5 ({RR} 13. Nf1 d5 14. exd5 Nbxd5 15. Nxd5 Nxd5 16. c3 Qd6 17. Qe2 f6 18. Rd1 Qc5 19. Be3 Nxe3 20. Nxe3 Rb8 21. Bd5 Bxd5 22. Rxd5 Qc6 23. Qg4 f5 24. Qc4 Qxc4 25. Nxc4 e4 26. Rd7 Kf7 27. Rad1 Ke6 {Movsesian,S (2747)-Shirov,A (2745) Dagomys 2009 ½-½ (45)}) 13... Nc4 14. Nxc4 Rxc4 15. Be3 Qb8 $146 (15... Qd7 $11) ({RR} 15... Qd7 16. Re2 Rfc8 17. Rd2 Rb4 18. Bg5 Rcc4 19. Bxf6 Bxf6 20. Rxd6 Qc7 21. Be2 Rc5 22. Rb6 Rd4 23. Bd3 Rd7 24. Ra3 Bd8 25. Na4 Rxa5 26. b4 Rxa4 27. Rxe6 fxe6 28. Rxa4 Qd6 29. Kh1 Bb6 30. f3 {Rublevsky,S (2683)-Oparin,G (2602) Moscow 2017 0-1 (48)}) 16. Na4 Bd8 17. b3 Rc6 18. Nb6 Bxb6 19. Bxb6 Rc3 20. Re3 Rfc8 21. Rxc3 Rxc3 22. Be3 Qc7 23. Ra2 Qd7 24. Bd2 Rc6 25. c4 Bg4 26. Bxg4 Nxg4 27. f3 Nf6 28. Be3 Qc7 29. Bb6 Qb8 30. Rd2 Nd7 31. Be3 Qc7 32. Qa1 Nc5 33. Qc3 h6 34. Rd5 Nd7 35. h3 Nf6 36. Rd3 Nd7 37. Kh2 Kh7 38. Qd2 Kg8 39. Bf2 Kh7 40. Be3 Kg8 41. Kg1 Kh7 42. Kh1 Kg8 {[#]} 43. b4 $1 Rxc4 44. Rxd6 Nf6 45. Bc5 Kh7 (45... Nh5 $16) 46. Qd3 $18 Rc1+ 47. Kh2 Qc8 48. Qd2 Rc4 49. Qa2 Ne8 (49... Rxc5 $142 50. bxc5 Qxc5) 50. Rb6 Rc1 51. Qxf7 {Accuracy: White = 87%, Black = 69%.} 1-0

[Event "Division I"]
[Site "Chess.com"]
[Date "2024.05.15"]
[Round "5.3"]
[White "Firouzja, Alireza"]
[Black "Carlsen, Magnus"]
[Result "1-0"]
[WhiteElo "2867"]
[BlackElo "2889"]
[Annotator "Stockfish 16.1 (GM Rafael Leitão)"]
[PlyCount "83"]
[EventDate "2024.??.??"]
[WhiteTeam "FRA"]
[BlackTeam "NOR"]
[WhiteClock "0:02:01"]
[BlackClock "0:01:17"]

{[%evp 10,83,18,-39,-41,-33,-43,-38,-44,-48,-6,-14,-7,-24,-22,-25,5,6,7,6,55,53,55,66,101,35,75,70,150,146,264,273,288,271,291,298,334,323,352,353,353,353,352,361,364,325,365,367,352,353,328,317,319,281,320,307,397,392,403,400,461,460,479,476,479,479,475,475,465,466,462,440,519,505,523,524]} 1. e4 e5 2. Bc4 Nf6 3. d3 c6 4. Nf3 d5 5. Bb3 Bd6 6. Nbd2 {O desenvolvimento do cavalo para d2 não é perigoso para as Negras. (GM Leitão)} (6. Nc3 {é o mais popular}) 6... O-O 7. O-O Re8 8. Re1 Nbd7 {Black is slightly better.} 9. c3 Nc5 10. Bc2 dxe4 11. dxe4 Bc7 12. Qe2 Qe7 $146 (12... a5 $1 {Meu lance favorito aqui, antecipando o avanço b2-b4 e preparando um plano com b6-Ba6. As Negras têm uma boa posição. (GM Leitão)}) ({RR} 12... Nh5 13. Nc4 Qf6 14. Bg5 Qg6 15. Be3 Nf4 16. Bxf4 exf4 17. e5 Qh6 18. b4 b5 19. bxc5 bxc4 20. Qxc4 Bg4 21. Bb3 Qh5 22. Qxf4 Bxf3 23. Qxf3 Qxf3 24. gxf3 Bxe5 25. Rad1 g5 26. Re4 Re7 27. Rde1 {Bernasek,J (2498)-Mladek,R (2365) Czech Republic 2021 ½-½ (66)}) 13. b4 {tirando o cavalo de sua posição ativa.} Ne6 14. Nc4 Nf4 {A posição das Negras se torna muito perigosa agora.} (14... a5 $1 {ainda é um bom lance, quebrando a estrutura de peões na ala do rei. (GM Leitão)}) 15. Bxf4 $1 exf4 16. e5 $36 {[%mdl 2048] And now Qd3 would win. Black is under pressure.} Nd5 (16... Bg4 {é o melhor lance, mas boa sorte em encontrá-lo numa partida rápida.} 17. h3 (17. Qd3 {parece tentador, mas as Negras conseguem escapar depois de} Bxf3 18. gxf3 g6 ({Jogar} 18... Rad8 19. Qf5 Rd5 {também seria possível}) 19. exf6 $2 Qxe1+ 20. Rxe1 Rxe1+ 21. Kg2 Rd8 {e a dama não tem casas disponíveis e para salvar a mesma teria que entregar o cavalo em d6}) 17... Bxf3 18. Qxf3 Nd7 {com uma posição ligeiramente melhor para as Brancas.}) 17. h3 (17. Nd6 {é a melhor maneira de manter a iniciativa.} Bxd6 18. Qd3 {Este é o ponto} Bf5 19. Qxf5 g6 20. Qd3 Bc7 21. Bb3 {com uma posição promissora para as Brancas: seu bispo de casas claras é muito melhor do que o das Negras de casas escuras. (GM Leitão)}) 17... g6 {Um lance de duplo propósito, jogado tanto para restringir o bispo branco quanto para dar uma casinha ao rei para respirar..(GM Leitão)} 18. Qd2 Be6 $2 {[#]} ({Era essencial controlar a casa d6.com:} 18... Rd8 {Super necessário, embora as Brancas mantenham a pressão depois de:} 19. Bb3 {(GM Leitão)}) 19. Nd6 $1 {[%mdl 512]} Red8 {Depois disso, as Negras estão perdidas sem uma chance real de salvar a partida.} (19... Bxd6 $16 {Seria uma tentativa melhor, indo para um final com três peões pela peça, embora as Brancas ainda deveriam vencer após esta sequencia:} 20. exd6 Qxd6 21. c4 Qxb4 22. cxd5 Qxd2 23. Nxd2 Bxd5) 20. c4 $18 ({Less strong is} 20. Nxb7 Bxe5 21. Nxe5 (21. Nxd8 Bxc3 22. Nxc6 Qc7 $14) 21... Qxb7 $16) 20... Nb6 21. c5 {Firouzja tem um cavalo monstro em d6. Raramente vi Carlsen em uma posição estratégica tão ruim.} ({Don't play} 21. Qxf4 $6 Rxd6 22. exd6 Bxd6 $16) 21... Nd5 22. Be4 b6 {Tentando conseguir algum contra-jogo, mas isso só piora as coisas.} 23. Nd4 Bd7 24. Bxd5 cxd5 25. Qxf4 bxc5 26. bxc5 {O resultado não está em dúvida e Firouzja converte a vantagem sem nenhum problema.} Rab8 27. Rab1 (27. Qf3 {também seria bom, visando capturar o peão em d5.}) 27... Rxb1 28. Rxb1 Rb8 29. Rxb8+ Bxb8 30. Nf3 {Abrindo caminho para a dama ir para a ala da dama.} (30. c6 {também é muito bom, simplesmente avançando o peão passado.}) 30... Bc7 31. Qb4 Bc6 32. Nc8 {O cavalo deixa sua posição majestosa por uma boa razão: coletar o peão de a7.} Qd7 33. Nxa7 Ba4 34. Qb7 {Preparando o avanço do peão de c.} d4 {Now ...d3 and Black clings on.} 35. c6 {White is clearly winning.} Qd8 36. Qb4 $1 {[%csl LRa4,LRd4]} Bc2 37. Nb5 ({Capturar o peão de d4 também leva a uma vitória simples, mas a posição é tão boa que quase qualquer coisa vence.} 37. Qxd4) (37. Nxd4) 37... Be4 {intending ...Bxf3.} 38. Nxc7 {[%mdl 64] Overworked Piece} Qxc7 39. Nxd4 {Qd6 is the strong threat.} Qxe5 {Black hopes to continue with ...Qg5.} 40. Qc4 {O detalhe final} (40. Qc3 $4 {perde um peão, embora o final de damas após} Bxc6 41. Qxc6 Qxd4 {está tecnicamente ganho.}) 40... Qg5 {[%csl Ge4][%cal Rg5g2]} ({Não resolveria caso jogasse} 40... Bd5 41. c7 Bxc4 42. c8=Q+ Kg7 43. Qxc4) 41. f3 Qe3+ 42. Kh1 {As Negras não têm xeque perpétuo e o peão de c não pode ser parado. Uma vitória surpreendentemente tranquila para Firouzja em um dia em que ele fez o impossível acontecer.   Precisão Chessbase: Brancas 89% Pretas 53%. Precisão Chess.com: Brancas 96.0% Pretas 88.8%.} 1-0

[Event "Division I"]
[Site "Chess.com"]
[Date "2024.05.15"]
[Round "5.2"]
[White "Firouzja, Alireza"]
[Black "Carlsen, Magnus"]
[Result "1/2-1/2"]
[WhiteElo "2866"]
[BlackElo "2890"]
[Annotator "Stockfish 16.1"]
[PlyCount "59"]
[EventDate "2024.??.??"]
[WhiteTeam "FRA"]
[BlackTeam "NOR"]
[WhiteClock "0:01:58"]
[BlackClock "0:04:09"]

{[%evp 9,59,21,45,17,33,31,40,39,41,31,30,-28,64,-13,-12,-48,12,12,31,-26,38,31,27,31,42,33,23,29,125,128,142,81,81,84,82,59,85,73,77,72,76,68,70,67,70,22,23,17,25,0,0,-2]} 1. e4 e5 2. Nf3 Nf6 3. d4 Nxe4 4. dxe5 d5 5. Nbd2 Qd7 6. Bd3 Nc5 7. Be2 Ne6 8. O-O {White is slightly better.} b6 ({RR} 8... Be7 9. Re1 O-O 10. Nf1 c5 11. Ng3 Rd8 12. b3 Nc6 13. Bd2 b6 14. Bd3 a6 15. a4 Rb8 16. Nf5 b5 17. Nxe7+ Qxe7 18. axb5 axb5 19. h4 h6 20. c3 c4 21. bxc4 bxc4 22. Bb1 Nc5 23. Be3 {Wei Yi (2748)-Nakamura,H (2807) Riyadh KSA 2025 0-1 (46)}) 9. Re1 Bb7 10. Nf1 c5 (10... Nc6 $11) 11. c3 $146 ({RR} 11. Ng3 Nc6 12. Bd2 g6 13. Qc1 O-O-O 14. Bh6 Kb8 15. a4 Qc7 16. Bf1 Ncd4 17. Nxd4 Nxd4 18. Bg5 Be7 19. Bxe7 Qxe7 20. a5 h5 21. Ne2 Qxe5 22. Nxd4 Qxd4 23. axb6 axb6 24. Bb5 Qf6 25. Qe3 Rd6 {Grieve,H (2475)-Del Rey,D (2269) Vitoria-Gasteiz ESP 2025 ½-½ (32)}) 11... Nc6 12. Ng3 g6 13. Bg5 Bg7 14. Bf6 O-O 15. Qd2 Bxf6 16. exf6 {[#] Qh6 would kill now.} Qc7 17. Bb5 ({Not} 17. Qxd5 Ncd4 $17) 17... Qf4 $1 18. Qxd5 Ncd8 (18... Nc7 $11 {remains equal.} 19. Qc4 Qxf6) 19. Qe5 $16 Bxf3 20. Qxf4 Nxf4 21. gxf3 Nde6 22. Rad1 Rad8 23. Ne4 g5 24. Bd7 h6 25. Rd6 Kh7 26. Red1 Kg6 27. Ba4 Rxd6 28. Rxd6 Rd8 29. Rxd8 Nxd8 30. Bc2 {Accuracy: White = 61%, Black = 72%.} 1/2-1/2

[Event "Division I"]
[Site "Chess.com"]
[Date "2024.05.15"]
[Round "5.1"]
[White "Carlsen, Magnus"]
[Black "Firouzja, Alireza"]
[Result "1/2-1/2"]
[WhiteElo "2891"]
[BlackElo "2865"]
[Annotator "Stockfish 16.1"]
[PlyCount "70"]
[EventDate "2024.??.??"]
[WhiteTeam "NOR"]
[BlackTeam "FRA"]
[WhiteClock "0:01:40"]
[BlackClock "0:00:46"]

{[%evp 11,70,28,35,21,26,19,22,25,38,17,21,0,0,-28,-22,-21,-26,-49,16,22,48,5,37,-21,-21,-25,-23,-23,-23,-21,-33,-25,-12,-63,-45,-54,-4,-17,-18,-26,-19,-19,-23,-51,-31,-30,-45,-71,-28,-30,-32,-40,-17,-19,-26,-16,-7,-135,-13,-10,-10]} 1. e4 {Yermolinsky,Alex} e5 2. Nf3 Nc6 3. Bc4 Nf6 4. d3 Bc5 5. O-O d6 6. c3 a6 7. a4 Ba7 8. Nbd2 O-O 9. h3 Re8 ({RR} 9... h6 10. Re1 Re8 11. b4 Be6 12. Bxe6 Rxe6 13. Qc2 Ne7 ({RR} 13... Qd7) 14. Nf1 Ng6 15. c4 a5 16. bxa5 Ne7 17. Rb1 Rb8 18. Bd2 Nc6 19. Ng3 Nd7 20. Rb5 Nc5 21. Reb1 Qc8 22. Be3 Re8 23. Nf5 Ne6 24. Qd2 {Karjakin,S (2776)-Carlsen,M (2851) Paris 2017 CBM 179 [Yermolinsky,Alex ] 1-0 (86)} ({RR} 24. a6 bxa6 25. Rxb8 Bxb8 26. c5)) 10. Qb3 $146 ({RR} 10. Re1 Be6 11. Bb3 d5 12. Bc2 h6 13. Qe2 d4 14. Nf1 b5 15. Ng3 b4 16. cxb4 Nxb4 17. Nxe5 Bxh3 18. Nxf7 Bg4 19. Nxd8 Bxe2 20. Bb3+ Kh7 21. Rxe2 Raxd8 22. Bc4 a5 23. Bd2 Bc5 24. Nf5 Nd7 {Sachi Jain (2124)-Estrada Nieto,J (2201) chess.com INT 2024 1-0 (63)}) ({RR} 10. Re1 Be6 11. Bxe6 Rxe6 12. Nc4 d5 13. exd5 Qxd5 14. Ng5 Ree8 15. Qf3 Rad8 16. Qxd5 Rxd5 17. Be3 Bxe3 18. Rxe3 Red8 19. Ne4 b5 20. axb5 axb5 21. Na5 Ra8 22. Nxf6+ gxf6 23. b4 Nxa5 24. c4 Rd4 {Tadic,S (2413)-Zajic,M (2381) Bajina Basta SRB 2025 ½-½ (42)}) ({RR} 10. b4 Be6 11. Bxe6 Rxe6 12. Qc2 h6 13. Rd1 Ne7 14. Nf1 Ng6 15. Ng3 Qd7 16. d4 exd4 17. Nxd4 Re5 18. Be3 Rae8 19. Nf3 Bxe3 20. Nxe5 Bxf2+ 21. Qxf2 Rxe5 22. Rd4 Qc6 23. c4 Nxe4 24. Nxe4 Rxe4 {Firouzja,A (2744)-Duda,J (2733) chess.com INT 2024 ½-½ (48)}) 10... Rf8 11. a5 Nh5 12. Qd1 Qf6 13. Nb3 Nf4 14. Be3 Ne7 15. d4 Neg6 16. Kh2 (16. Nbd2 {is interesting.} c6 17. Re1 exd4 18. cxd4 d5 19. Bf1) 16... c6 (16... exd4 {looks sharper.} 17. cxd4 c6 18. Re1 d5 19. exd5 Nxd5 20. Nbd2 Re8) 17. dxe5 (17. Re1 {with more complications.} exd4 18. Nbxd4 d5 19. exd5 Nxd5 20. Kg1) 17... Nxe5 18. Nxe5 Qxe5 19. Bxa7 Qxe4 {[%csl Gf4][%cal Re4g2][%mdl 64] [#] Double Attack} 20. f3 Qxc4 21. Be3 Nd3 22. Nd2 Qb5 {...Re8 is the strong threat.} 23. Ne4 Nxb2 24. Qd4 Qe5+ 25. Qxe5 dxe5 26. Rfb1 Nc4 27. Bc5 {And now Rb4 would win.} Rd8 28. Rb4 Be6 {aiming for ...f5.} 29. Rxb7 h6 30. Bb6 Rdb8 31. Re7 Nxb6 32. axb6 Rxb6 33. Nc5 Bd5 {With the idea ...f6.} 34. Rxe5 (34. Nd7 $1 $11 {was the only way to keep the balance.} Rb2 {[#]} 35. Rxa6 $1 {[%mdl 512]}) 34... Rb5 (34... Rb2 $17 {Strongly threatening ...Bxf3.} 35. Kh1 a5) 35. Rxa6 $11 Rd8 {Accuracy: White = 62%, Black = 69%.} 1/2-1/2

[Event "Division I"]
[Site "Chess.com"]
[Date "2024.05.12"]
[Round "3.1"]
[White "Carlsen, Magnus"]
[Black "Keymer, Vincent"]
[Result "1/2-1/2"]
[WhiteElo "2895"]
[BlackElo "2814"]
[Annotator "Stockfish 16.1"]
[PlyCount "121"]
[EventDate "2024.??.??"]
[WhiteTeam "NOR"]
[BlackTeam "GER"]
[WhiteClock "0:00:16"]
[BlackClock "0:00:14"]

{[%evp 11,120,22,25,23,20,16,16,18,21,17,16,18,23,15,28,21,25,21,43,1,22,4,51,55,42,4,9,16,10,0,24,22,43,29,34,25,63,63,61,80,92,35,28,32,33,25,28,31,35,28,29,29,28,27,33,16,18,16,21,17,37,21,25,17,30,30,33,14,10,9,26,24,28,20,40,37,72,77,76,66,76,81,115,72,116,47,81,0,0,0,0,0,0,0,0,0,0,0,0,0,0,0,0,0,0,0,0,0,0,0,0]} 1. e4 e5 2. Nf3 Nc6 3. Bc4 Nf6 4. d3 Bc5 5. O-O a6 6. c3 Ba7 7. a4 d6 8. Nbd2 O-O 9. h3 h6 10. b4 Ne7 11. Re1 Be6 12. Bxe6 fxe6 13. Nf1 Ng6 14. Ra2 d5 {next ...dxe4 is good for Black.} 15. Qe2 $146 ({RR} 15. exd5 Nxd5 16. Rc2 Qd7 17. a5 Qa4 18. Bd2 Rxf3 19. gxf3 Rf8 20. Nh2 Rf5 21. Be3 c5 22. Rc1 Qe8 23. bxc5 Ngf4 24. Kh1 Qh5 25. Rg1 Nxh3 26. Rg2 Qh4 27. Qd2 Rh5 28. Rg4 Qf6 29. c6 Ng5 {Santos Latasa,J (2624)-Keymer,V (2730) chess.com INT 2024 ½-½ (44)}) 15... Qd6 16. c4 dxc4 (16... a5 $5) 17. dxc4 a5 18. bxa5 Bc5 19. Bd2 Qc6 20. Rb2 b6 21. Rb5 Ne8 22. Be3 Bxe3 23. Nxe3 {aiming for axb6.} Rxa5 24. Ng4 Rxb5 25. cxb5 Qc3 26. Qe3 Qxe3 27. Rxe3 Nd6 28. Rc3 Ra8 29. Rxc7 Rxa4 30. Rc6 {[%mdl 64] [#] Double Attack} Nxb5 31. Rxe6 Nf4 32. Rxb6 Nc3 33. Ngxe5 {Hoping for Rb8+.} Nxe4 34. Rb2 Kh7 35. Kh2 Nd5 36. Ne1 Ndc3 37. f3 Nf6 38. N1d3 Ra7 39. Nf4 g5 40. Ne6 Re7 41. Rb6 Ncd5 42. Rd6 Re8 43. g4 Nc3 {[#]} 44. h4 $1 {[%mdl 512]} gxh4 45. Kh3 Ncd5 46. Kxh4 Re7 47. f4 {And now g5 would win.} Ne3 48. Rc6 {Threatens to win with f5.} Ned5 49. Nd4 Nxf4 {The position is equal.} 50. Rxf6 {Ndc6 is the strong threat.} Ng2+ 51. Kg3 Rxe5 $11 {[%mdl 4096] Endgame KRN-KRN} 52. Nf5 Ne3 53. Rxh6+ Kg8 54. Kf4 Nxf5 {KRN-KR} 55. Rg6+ Kf7 56. Kxe5 Kxg6 57. gxf5+ Kf7 58. f6 Kf8 59. Ke6 {White threatens f7 and mate.} Ke8 60. f7+ Kf8 61. Kf6 {Accuracy: White = 80%, Black = 77%.} 1/2-1/2

[Event "Division I"]
[Site "Chess.com"]
[Date "2024.05.11"]
[Round "2.3"]
[White "Carlsen, Magnus"]
[Black "Lazavik, Denis"]
[Result "1/2-1/2"]
[WhiteElo "2900"]
[BlackElo "2785"]
[Annotator "Stockfish 16.1"]
[PlyCount "85"]
[EventDate "2024.??.??"]
[WhiteTeam "NOR"]
[BlackTeam "BLR"]
[WhiteClock "0:03:58"]
[BlackClock "0:02:37"]

{[%evp 23,85,12,21,14,7,10,12,0,0,0,0,0,0,0,0,-1,-4,-6,-2,-3,-2,-9,3,0,4,3,4,0,0,0,0,0,0,0,0,0,17,3,2,0,7,3,6,0,2,2,2,3,4,3,3,5,5,-4,0,0,0,0,0,0,6,4,5,0]} 1. e4 e5 2. Nf3 Nc6 3. Bb5 Nf6 4. O-O Nxe4 5. d4 Nd6 6. dxe5 Nxb5 7. a4 Nbd4 8. Nxd4 d5 9. exd6 Nxd4 10. Qxd4 Qxd6 11. Qe4+ Qe6 12. Qd4 Qd6 {The position is equal.} 13. Qe3+ Be6 14. Nc3 a6 15. Rd1 Qc6 16. Qg3 Bd6 17. Bf4 Bxf4 18. Qxf4 O-O 19. Rd4 Rad8 20. Rad1 Rxd4 21. Rxd4 h6 $146 22. h3 Qb6 23. b3 Qc5 24. Qd2 Re8 25. Nd1 Qg5 26. Qxg5 hxg5 $11 {[%mdl 4096] Endgame KRB-KRN} 27. Ne3 f6 28. a5 Kf7 29. Kf1 f5 30. Rb4 f4 31. Ng4 Bc8 32. Rc4 c6 33. Rc5 (33. Rd4 {looks sharper.} Bf5 34. c3 Ke6 35. Ke2 c5 36. Rd2) 33... Bxg4 34. hxg4 {KR-KR} Kf6 35. Rf5+ Kg6 36. Rc5 Kf6 37. Rf5+ Kg6 38. c4 Re7 39. Rf8 Re5 40. Rb8 Re7 41. Rf8 Re5 42. Rb8 Re7 43. Rf8 {Accuracy: White = 100%, Black = 96%.} 1/2-1/2

[Event "Division I"]
[Site "Chess.com"]
[Date "2024.05.15"]
[Round "4.1"]
[White "Carlsen, Magnus"]
[Black "Firouzja, Alireza"]
[Result "1/2-1/2"]
[WhiteElo "2895"]
[BlackElo "2861"]
[Annotator "Stockfish 16.1"]
[PlyCount "71"]
[EventDate "2024.??.??"]
[WhiteTeam "NOR"]
[BlackTeam "FRA"]
[WhiteClock "0:01:46"]
[BlackClock "0:00:50"]

{[%evp 16,71,25,24,32,-8,29,25,27,18,27,15,32,17,21,9,8,12,54,49,41,0,-4,0,-3,-2,-3,-33,-49,-27,-12,-17,-34,-55,-53,-89,-81,-94,-82,-92,-22,-19,-26,-29,-27,-25,-19,-25,0,0,-9,-6,-7,-9,0,-1,0,-12]} 1. e4 e5 2. Nf3 Nc6 3. Bb5 a6 4. Ba4 Nf6 5. d3 d6 6. c3 g6 7. O-O Bg7 8. Re1 O-O 9. h3 h6 10. Be3 Re8 11. Nbd2 d5 {White has an edge.} ({RR} 11... Bd7 12. a3 a5 13. Qc2 d5 14. exd5 Nxd5 15. Ne4 Nxe3 16. Rxe3 Ne7 17. c4 Nf5 18. Ree1 Bxa4 19. Qxa4 c6 20. Rad1 Nd4 21. Nxd4 Qxd4 22. Qc2 b6 23. c5 bxc5 24. Nxc5 f5 25. Re4 Qd5 26. Rc4 {Akopian,V (2586)-Fishbein,A (2368) Saint Louis USA 2025 1-0 (73)}) 12. Bxc6 bxc6 13. d4 dxe4 14. Nxe5 $146 ({RR} 14. dxe5 exf3 15. exf6 Qxf6 16. Nxf3 Be6 17. Bd4 Qd8 18. Qa4 Bxd4 19. Qxd4 Qxd4 20. Nxd4 Bd5 21. b3 c5 22. Nc2 a5 23. f3 Be6 24. Kf2 Red8 25. Re5 a4 26. b4 Rd2+ 27. Re2 Rad8 28. Ne3 cxb4 {Tomashevsky,E (2681)-Madaminov,M (2494) Samarkand UZB 2023 ½-½ (38)}) 14... c5 15. Nb3 cxd4 16. cxd4 Bb7 17. Qd2 Bd5 18. Bxh6 (18. Rac1 {is interesting.} g5 19. h4 Nh7 20. hxg5 hxg5 21. Qa5) 18... Bxh6 19. Qxh6 Bxb3 $1 20. axb3 {Threatens to win with Rac1.} Qxd4 21. Nxg6 fxg6 22. Qxg6+ Kh8 23. Red1 Qb6 $1 24. Ra5 Nh7 ({Inferior is} 24... Qxa5 25. Qxf6+ Kg8 26. Rd7 Qa1+ 27. Kh2 Re7 28. Rxe7 Qg1+ 29. Kxg1 Rf8 30. Qg7#) 25. Qh5 {[#] Threatening mate with Rd7.} e3 26. fxe3 Qxe3+ 27. Kh1 Rad8 28. Rxd8 Rxd8 29. Rxa6 Qc1+ {[%mdl 64] [#] Double Attack} 30. Kh2 Qf4+ 31. Kg1 Rg8 {aiming for ...Qe3+.} 32. Qe2 {The position is equal.} Qc1+ 33. Kh2 {White threatens Qe5+ and mate.} Qf4+ 34. Kg1 Qc1+ 35. Kh2 {White wants to mate with Qe5+.} Qf4+ 36. Kg1 {Accuracy: White = 76%, Black = 75%.} 1/2-1/2